Az Európai Unió külkereskedelem-politikája és a Lóméi konvenciók

Elmentve itt :
Bibliográfiai részletek
Szerző: Tiagó Manuel
További közreműködők: Mihály Zoltán (Témavezető)
Dokumentumtípus: Szakdolgozat
Megjelent: 1998
Kulcsszavak:Európai Unió
Külkereskedelem
Afrika
Lome
Tárgyszavak:
Online Access:http://diploma.bibl.u-szeged.hu/100239
LEADER 00793nta a2200253 i 4500
001 dipl100239
005 20220117105433.0
008 211220s1998 hu om 0|| hun d
040 |a SZTE Diploma Repozitórium  |b hun 
041 |a hun 
100 1 |a Tiagó Manuel 
245 1 3 |a Az Európai Unió külkereskedelem-politikája és a Lóméi konvenciók  |h [elektronikus dokumentum] /  |c Manuel Tiagó 
260 |c 1998 
300 |a 39 
650 4 |a Agrár 
650 4 |a Social sciences 
650 4 |a Economics and business 
650 4 |a Economics, econometrics 
695 |a Európai Unió 
695 |a Külkereskedelem 
695 |a Afrika 
695 |a Lome 
700 1 |a Mihály Zoltán  |e ths 
856 4 0 |u http://diploma.bibl.u-szeged.hu/id/eprint/100239/1/1998_tiago_manuel.pdf  |z Dokumentum-elérés